Jangan main-main

Bibliographic Details
Main Author: HM Tuah Iskandar, Dr
Format: Book
Published: Kuala Lumpur : Telaga Biru , 2007
Subjects:

MARC

LEADER 00000cam a2200000 7i4500
001 0000022263
005 20080726.0
008 080726
020 |a 9833494625 
090 0 0 |a 153.8   |b HMT 
100 0 |a HM Tuah Iskandar, Dr 
245 1 0 |a Jangan main-main   |c Dr. HM Tuah Iskandar 
260 |a Kuala Lumpur :   |b Telaga Biru ,   |c 2007 
650 0 |a Motivation (Anecdotes) 
650 0 |a Success   |x Anecdotes 
999 |a 0001026291   |b Book   |c Adult Collection   |e Perbadanan Perpustakaan Awam Johor